| 000 | 00753nam a2200217Ia 4500 | ||
|---|---|---|---|
| 001 | 10946 | ||
| 003 | GE_BSU | ||
| 008 | 181216s||||||||xx |||||||||||||| ||und|| | ||
| 040 | _cGE_BSU | ||
| 080 | _a031(=161.1) | ||
| 245 | _aБольшая Советская Энциклопедия | ||
| 245 | _bТомь сорок седмой:Признаки Делимости-Равенстон. | ||
| 245 | _cГл. ред.О.Ю.Шмидт. | ||
| 260 | _aМосква | ||
| 260 | _bОгиз РСФСР | ||
| 260 | _c1940. | ||
| 300 | _a896стр,илл,26см. | ||
| 520 | _aГосударственный институт Советская Энциклопедия | ||
| 653 | _aБольшая Советская Энциклопедия | ||
| 942 | _cBK | ||
| 999 |
_c44188 _d44188 |
||